000 00512cam a22002171 4500
001 sa 67006284
003 DLC
005 20260227112405.0
008 881102s1966 xx 000 0 hino
010 _asa 67006284
035 _a(OCoLC)23558854
040 _aDLC
_cMiU
_dDLC
042 _apremarc
050 0 0 _aPK2098.O5
_bT3
100 0 _aOnkarnath Dinkar,
_d1912-
245 1 0 _aTathāgata.
260 _c[1966]
300 _a129 p.
_c19 cm.
500 _aRomanized.
600 0 0 _aGautama Buddha
_vDrama.
999 _c75827
_d75827